[Event "Campeonato España Sub 14"]
[Site "Salobreña"]
[Date "2017.07.17"]
[Round "1"]
[White "Ros Alonso, Joana"]
[Black "Manzanares Lopez, Alejandro"]
[Result "1-0"]
[Board "19"]
[WhiteClock "0:00.00"]
[WhiteElo "1966"]
[WhiteCountry "ESP"]
[WhiteFideId "32013426"]
[WhiteEloChange "2"]
[BlackClock "0:00.00"]
[BlackElo "1470"]
[BlackCountry "ESP"]
[BlackFideId "24533084"]
[BlackEloChange "-2"]

1. e4 {[%clk 1:30:00]} e6 {[%clk 1:30:00]} 2. d4 {[%clk 1:31:00]} d5 {[%clk
1:31:00]} 3. Nd2 {[%clk 1:31:00]} Nf6 {[%clk 1:31:00]} 4. e5 {[%clk 1:32:00]}
Nfd7 {[%clk 1:31:00]} 5. Bd3 {[%clk 1:32:00]} c5 {[%clk 1:31:00]} 6. c3 {[%clk
1:32:00]} Nc6 {[%clk 1:31:00]} 7. Ne2 {[%clk 1:33:00]} cxd4 {[%clk 1:31:00]} 8.
cxd4 {[%clk 1:33:00]} f6 {[%clk 1:31:00]} 9. exf6 {[%clk 1:33:00]} Nxf6 {[%clk
1:32:00]} 10. Nf3 {[%clk 1:33:00]} Bd6 {[%clk 1:32:00]} 11. O-O {[%clk 1:34:00]}
Qc7 {[%clk 1:32:00]} 12. g3 {[%clk 1:34:00]} O-O {[%clk 1:32:00]} 13. Bf4 {[%clk
1:33:00]} Bd7 {[%clk 1:32:00]} 14. Rc1 {[%clk 1:26:00]} Be8 {[%clk 1:31:00]} 15.
Ne5 {[%clk 1:17:00]} Bh5 {[%clk 1:27:00]} 16. f3 {[%clk 0:58:00]} Nd7 {[%clk
1:24:00]} 17. Nxc6 {[%clk 0:53:00]} bxc6 {[%clk 1:24:00]} 18. Qc2 {[%clk
0:52:00]} Bxf4 {[%clk 1:13:00]} 19. Nxf4 {[%clk 0:52:00]} Rxf4 {[%clk 1:12:00]}
20. gxf4 {[%clk 0:36:00]} Qxf4 {[%clk 1:12:00]} 21. Qxc6 {[%clk 0:22:00]} Qxd4+
{[%clk 1:11:00]} 22. Kg2 {[%clk 0:19:57]} Rf8 {[%clk 1:07:00]} 23. Qxe6+ {[%clk
0:18:40]} Kh8 {[%clk 1:07:00]} 24. Qh3 {[%clk 0:11:50]} g6 {[%clk 1:06:00]} 25.
Qxd7 {[%clk 0:05:30]} Qxd3 {[%clk 1:06:00]} 26. Rc3 {[%clk 0:05:32]} Qd2+ {[%clk
1:03:00]} 27. Rf2 {[%clk 0:05:41]} Qg5+ {[%clk 1:03:00]} 28. Kf1 {[%clk 0:06:00]}
Rd8 {[%clk 1:02:00]} 29. Qxa7 {[%clk 0:03:06]} Qf5 {[%clk 1:01:00]} 30. Qd4+
{[%clk 0:03:00]} Kg8 {[%clk 1:00:00]} 31. Rc7 {[%clk 0:02:02]} Qf8 {[%clk
0:58:00]} 32. a4 {[%clk 0:01:27]} Qh6 {[%clk 0:57:00]} 33. a5 {[%clk 0:01:06]} g5
{[%clk 0:56:00]} 34. Re2 {[%clk 0:01:04]} Bf7 {[%clk 0:56:00]} 35. Ree7 {[%clk
0:01:10]} Rf8 {[%clk 0:55:00]} 36. Rxf7 {[%clk 0:00:56]} Qh3+ {[%clk 0:54:00]}
37. Kg1 {[%clk 0:01:13]} Rxf7 {[%clk 0:54:00]} 38. Qxd5 {[%clk 0:01:09]} Qf5
{[%clk 0:53:00]} 39. Qxf7+ {[%clk 0:01:26]} Qxf7 {[%clk 0:53:00]} 40. Rxf7 {[%clk
0:01:49]} Kxf7 {[%clk 0:54:00]} 41. a6 {[%clk 0:01:49]} 1-0

[Event "Campeonato España Sub 14"]
[Site "Salobreña"]
[Date "2017.07.17"]
[Round "1"]
[White "Joglar Garcia, Maria"]
[Black "Masague Artero, Guerau"]
[Result "0-1"]
[Board "20"]
[WhiteClock "1:30"]
[WhiteElo "1457"]
[WhiteCountry "ESP"]
[WhiteFideId "32092156"]
[WhiteEloChange "-2"]
[BlackClock "1:30"]
[BlackElo "1965"]
[BlackCountry "ESP"]
[BlackFideId "32098952"]
[BlackEloChange "2"]

1. d4 {[%clk 1:30:00]} Nf6 {[%clk 1:30:00]} 2. Nf3 {[%clk 1:31:00]} e6 {[%clk
1:31:00]} 3. e3 {[%clk 1:31:00]} b6 {[%clk 1:30:00]} 4. Bd3 {[%clk 1:31:00]} Bb7
{[%clk 1:30:00]} 5. Nbd2 {[%clk 1:30:00]} d5 {[%clk 1:29:00]} 6. O-O {[%clk
1:29:00]} Bd6 {[%clk 1:30:00]} 7. b3 {[%clk 1:29:00]} O-O {[%clk 1:30:00]} 8. Bb2
{[%clk 1:29:00]} Ne4 {[%clk 1:30:00]} 9. c4 {[%clk 1:26:00]} Nd7 {[%clk 1:29:00]}
10. Ne5 {[%clk 1:24:00]} f5 {[%clk 1:25:00]} 11. f3 {[%clk 1:20:00]} Nxd2 {[%clk
1:23:00]} 12. Qxd2 {[%clk 1:21:00]} Nf6 {[%clk 1:23:00]} 13. Qe1 {[%clk 1:18:00]}
c5 {[%clk 1:13:00]} 14. Qh4 {[%clk 1:12:00]} Rc8 {[%clk 1:02:00]} 15. Rac1 {[%clk
1:07:00]} cxd4 {[%clk 0:52:00]} 16. exd4 {[%clk 1:06:00]} dxc4 {[%clk 0:50:00]}
17. Bxc4 {[%clk 1:04:00]} Nd5 {[%clk 0:45:00]} 18. Qxd8 {[%clk 1:00:00]} Rfxd8
{[%clk 0:43:00]} 19. Rfe1 {[%clk 0:58:00]} a6 {[%clk 0:42:00]} 20. a4 {[%clk
0:57:00]} Rc7 {[%clk 0:33:00]} 21. Re2 {[%clk 0:41:00]} Rdc8 {[%clk 0:29:00]} 22.
Nd3 {[%clk 0:39:00]} Kf7 {[%clk 0:28:00]} 23. Rce1 {[%clk 0:38:00]} Re7 {[%clk
0:26:00]} 24. Ne5+ {[%clk 0:34:00]} Kf6 {[%clk 0:24:00]} 25. g4 {[%clk 0:29:00]}
Bb4 {[%clk 0:22:00]} 26. h4 {[%clk 0:22:00]} g6 {[%clk 0:13:59]} 27. Rf1 {[%clk
0:18:14]} Nf4 {[%clk 0:06:53]} 28. Rh2 {[%clk 0:16:56]} Nd5 {[%clk 0:05:55]} 29.
Bc1 {[%clk 0:16:19]} Kg7 {[%clk 0:06:21]} 30. h5 {[%clk 0:15:43]} gxh5 {[%clk
0:03:16]} 31. Rxh5 {[%clk 0:13:54]} Bc3 {[%clk 0:01:40]} 32. Bh6+ {[%clk
0:12:49]} Kh8 {[%clk 0:02:02]} 33. Bxd5 {[%clk 0:10:36]} Bxd4+ {[%clk 0:01:48]}
34. Kh1 {[%clk 0:10:04]} Bxd5 {[%clk 0:02:08]} 35. Bf8 {[%clk 0:08:11]} Rec7
{[%clk 0:01:41]} 36. Ng6+ {[%clk 0:06:35]} Kg8 {[%clk 0:02:09]} 37. Ne7+ {[%clk
0:05:38]} Kxf8 {[%clk 0:02:38]} 38. Nxc8 {[%clk 0:05:45]} Rxc8 {[%clk 0:03:06]}
39. gxf5 {[%clk 0:05:12]} exf5 {[%clk 0:03:34]} 40. Rxf5+ {[%clk 0:04:30]} Bf7
{[%clk 0:04:02]} 41. Rd1 {[%clk 0:04:33]} Bc5 {[%clk 0:02:18]} 42. Rd7 {[%clk
0:04:32]} Be7 {[%clk 0:02:46]} 43. Re5 {[%clk 0:04:28]} Bf6 {[%clk 0:01:16]} 44.
Rf5 {[%clk 0:04:34]} Rc6 {[%clk 0:01:44]} 45. Ra7 {[%clk 0:03:33]} a5 {[%clk
0:01:27]} 46. Rd7 {[%clk 0:03:23]} Bxb3 {[%clk 0:01:35]} 47. Rd4 {[%clk 0:02:04]}
Ke7 {[%clk 0:00:48]} 48. Re4+ {[%clk 0:00:53]} Kf7 {[%clk 0:01:01]} 49. Ref4
{[%clk 0:00:46]} Bc2 {[%clk 0:01:26]} 50. Rd5 {[%clk 0:00:49]} Ke6 {[%clk
0:01:22]} 51. Rb5 {[%clk 0:00:43]} Bd3 {[%clk 0:01:15]} 52. Rb3 {[%clk 0:00:45]}
Bg6 {[%clk 0:01:34]} 53. Kg2 {[%clk 0:00:37]} Be5 {[%clk 0:01:37]} 54. Rh4 {[%clk
0:00:32]} Rc2+ {[%clk 0:01:57]} 55. Kg1 {[%clk 0:00:37]} Rb2 {[%clk 0:02:14]} 56.
Rxb2 {[%clk 0:00:32]} Bxb2 {[%clk 0:02:43]} 57. Kf2 {[%clk 0:00:31]} Kd5 {[%clk
0:03:06]} 58. Ke3 {[%clk 0:00:39]} Bf6 {[%clk 0:03:25]} 59. Rh1 {[%clk 0:00:32]}
Kc4 {[%clk 0:03:33]} 60. f4 {[%clk 0:00:31]} Kb4 {[%clk 0:03:44]} 61. Rf1 {[%clk
0:00:32]} Bf5 {[%clk 0:03:59]} 62. Rd1 {[%clk 0:00:36]} Kxa4 {[%clk 0:02:20]} 63.
Rd6 {[%clk 0:00:57]} Be7 {[%clk 0:02:45]} 64. Rd5 {[%clk 0:00:50]} Bc5+ {[%clk
0:03:05]} 65. Kf3 {[%clk 0:00:50]} Bc2 {[%clk 0:02:35]} 66. f5 {[%clk 0:01:06]}
Bb3 {[%clk 0:02:40]} 67. Re5 {[%clk 0:01:20]} Kb5 {[%clk 0:02:10]} 68. f6 {[%clk
0:01:20]} Kc6 {[%clk 0:02:22]} 69. Rf5 {[%clk 0:00:55]} Bf7 {[%clk 0:02:47]} 70.
Rf4 {[%clk 0:00:43]} Bd6 {[%clk 0:03:01]} 71. Rf5 {[%clk 0:00:32]} a4 {[%clk
0:03:22]} 72. Ke3 {[%clk 0:00:35]} a3 {[%clk 0:03:45]} 73. Rf1 {[%clk 0:00:34]}
a2 {[%clk 0:04:01]} 74. Ke4 {[%clk 0:00:35]} Ba3 {[%clk 0:04:01]} 0-1

[Event "Campeonato España Sub 14"]
[Site "Salobreña"]
[Date "2017.07.17"]
[Round "1"]
[White "Carbonell Sancho, Marc"]
[Black "Morales Carmona, Bernardo Jose"]
[Result "1-0"]
[Board "21"]
[WhiteElo "1943"]
[WhiteCountry "ESP"]
[WhiteFideId "32029969"]
[WhiteEloChange "2"]
[BlackElo "1448"]
[BlackCountry "ESP"]
[BlackFideId "24538736"]
[BlackEloChange "-2"]

1. e4 {[%clk 1:30:30]} c5 {[%clk 1:30:30]} 2. Nf3 {[%clk 1:30:30]} g6 {[%clk
1:30:30]} 3. d4 {[%clk 1:30:30]} cxd4 {[%clk 1:30:30]} 4. Nxd4 {[%clk 1:30:30]}
Bg7 {[%clk 1:30:30]} 5. c4 {[%clk 1:30:30]} Nf6 {[%clk 1:30:30]} 6. Nc3 {[%clk
1:30:30]} Nc6 {[%clk 1:30:30]} 7. Be3 {[%clk 1:30:30]} Ng4 {[%clk 1:30:30]} 8.
Qxg4 {[%clk 1:30:30]} Nxd4 {[%clk 1:30:30]} 9. Qd1 {[%clk 1:30:30]} Ne6 {[%clk
1:30:30]} 10. Qd2 {[%clk 1:30:30]} d6 {[%clk 1:30:30]} 11. Be2 {[%clk 1:30:30]}
Bd7 {[%clk 1:30:30]} 12. O-O {[%clk 1:30:30]} O-O {[%clk 1:30:30]} 13. Rab1
{[%clk 1:30:30]} Bc6 {[%clk 1:30:30]} 14. f3 {[%clk 1:30:30]} a5 {[%clk 1:30:30]}
15. b3 {[%clk 1:30:30]} b6 {[%clk 1:30:30]} 16. Rfc1 {[%clk 1:30:30]} Rb8 {[%clk
1:30:30]} 17. a3 {[%clk 1:30:30]} Qd7 {[%clk 1:30:30]} 18. Nd5 {[%clk 1:30:30]}
Bxd5 {[%clk 1:30:30]} 19. cxd5 {[%clk 1:30:30]} Nc5 {[%clk 1:30:30]} 20. b4
{[%clk 1:30:30]} axb4 {[%clk 1:30:30]} 21. axb4 {[%clk 1:30:30]} Na4 {[%clk
1:30:30]} 22. Rc6 {[%clk 1:30:30]} Rfc8 {[%clk 1:30:30]} 23. Bb5 {[%clk 1:30:30]}
Nc3 {[%clk 1:30:30]} 24. Rxc8+ {[%clk 1:30:30]} Qxc8 {[%clk 1:30:30]} 25. Rc1
{[%clk 1:30:30]} Ra8 {[%clk 1:30:30]} 26. h3 {[%clk 1:30:30]} Qc7 {[%clk
1:30:30]} 27. Bc6 {[%clk 1:30:30]} Ra2 {[%clk 1:30:30]} 28. Rc2 {[%clk 1:30:30]}
Rxc2 {[%clk 1:30:30]} 29. Qxc2 {[%clk 1:30:30]} e6 {[%clk 1:30:30]} 30. Qd3
{[%clk 1:30:30]} exd5 {[%clk 1:30:30]} 31. Bxd5 {[%clk 1:30:30]} Kf8 {[%clk
1:30:30]} 32. Bb3 {[%clk 1:30:30]} b5 {[%clk 1:30:30]} 33. Bf4 {[%clk 1:30:30]}
Bd4+ {[%clk 1:30:30]} 34. Kh1 {[%clk 1:30:30]} Qa7 {[%clk 1:30:30]} 35. Bxd6+
{[%clk 1:30:30]} Kg8 {[%clk 1:30:30]} 36. Bd1 {[%clk 1:30:30]} Qa1 {[%clk
1:30:30]} 37. Qxd4 {[%clk 1:30:30]} Qxd1+ {[%clk 1:30:30]} 38. Qxd1 {[%clk
1:30:30]} Nxd1 {[%clk 1:30:30]} 39. Kg1 {[%clk 1:30:30]} Ne3 {[%clk 1:30:30]} 40.
Kf2 {[%clk 1:30:30]} Nc4 {[%clk 1:30:30]} 41. Bc5 {[%clk 1:30:30]} Kg7 {[%clk
1:30:30]} 42. Ke2 {[%clk 1:30:30]} Kf6 {[%clk 1:30:30]} 43. Kd3 {[%clk 1:30:30]}
Ke6 {[%clk 1:30:30]} 44. Kd4 {[%clk 1:30:30]} h5 {[%clk 1:30:30]} 45. Bf8 {[%clk
1:30:30]} f6 {[%clk 1:30:30]} 46. f4 {[%clk 1:30:30]} h4 {[%clk 1:30:30]} 47. Bc5
{[%clk 1:30:30]} Na3 {[%clk 1:30:30]} 48. Kd3 {[%clk 1:30:30]} Nc4 {[%clk
1:30:30]} 49. Bf2 {[%clk 1:30:30]} g5 {[%clk 1:30:30]} 50. fxg5 {[%clk 1:30:30]}
fxg5 {[%clk 1:30:30]} 51. Be3 {[%clk 1:30:30]} Kf6 {[%clk 1:30:30]} 52. Kd4
{[%clk 1:30:30]} Nxe3 {[%clk 1:30:30]} 53. Kxe3 {[%clk 1:30:30]} Ke5 {[%clk
1:30:30]} 54. Kf3 {[%clk 1:30:30]} Kd4 {[%clk 1:30:30]} 55. Kg4 {[%clk 1:30:30]}
Kxe4 {[%clk 1:30:30]} 56. Kxg5 {[%clk 1:30:30]} Kd4 {[%clk 1:30:30]} 57. Kxh4
{[%clk 1:30:30]} Kc4 {[%clk 1:30:30]} 58. g4 {[%clk 1:30:30]} Kxb4 {[%clk
1:30:30]} 59. g5 {[%clk 1:30:30]} Ka3 {[%clk 1:30:30]} 60. g6 {[%clk 1:30:30]}
1-0

[Event "Campeonato España Sub 14"]
[Site "Salobreña"]
[Date "2017.07.17"]
[Round "1"]
[White "Perdiguero Herreros, Alejandro"]
[Black "Alvarez Albiol, Victor"]
[Result "0-1"]
[Board "22"]
[WhiteElo "1445"]
[WhiteCountry "ESP"]
[WhiteFideId "24544639"]
[WhiteEloChange "-2"]
[BlackElo "1921"]
[BlackCountry "ESP"]
[BlackFideId "32065930"]
[BlackEloChange "2"]

1. e4 {[%clk 1:30:30]} c5 {[%clk 1:30:30]} 2. Nf3 {[%clk 1:30:30]} e6 {[%clk
1:30:30]} 3. d4 {[%clk 1:30:30]} cxd4 {[%clk 1:30:30]} 4. Nxd4 {[%clk 1:30:30]}
Nc6 {[%clk 1:30:30]} 5. Nb5 {[%clk 1:30:30]} Nf6 {[%clk 1:30:30]} 6. N1c3 {[%clk
1:30:30]} Bb4 {[%clk 1:30:30]} 7. Bf4 {[%clk 1:30:30]} Nxe4 {[%clk 1:30:30]} 8.
Qf3 {[%clk 1:30:30]} Nxc3 {[%clk 1:30:30]} 9. bxc3 {[%clk 1:30:30]} Qf6 {[%clk
1:30:30]} 10. Rb1 {[%clk 1:30:30]} Ba5 {[%clk 1:30:30]} 11. Nd6+ {[%clk 1:30:30]}
Kf8 {[%clk 1:30:30]} 12. Ne4 {[%clk 1:30:30]} Qd8 {[%clk 1:30:30]} 13. Ng5 {[%clk
1:30:30]} f6 {[%clk 1:30:30]} 14. Ne4 {[%clk 1:30:30]} e5 {[%clk 1:30:30]} 15.
Be3 {[%clk 1:30:30]} d5 {[%clk 1:30:30]} 16. Bc5+ {[%clk 1:30:30]} Kg8 {[%clk
1:30:30]} 17. Nd6 {[%clk 1:30:30]} e4 {[%clk 1:30:30]} 18. Qe3 {[%clk 1:30:30]}
b6 {[%clk 1:30:30]} 19. Ba3 {[%clk 1:30:30]} Ne7 {[%clk 1:30:30]} 20. Bb5 {[%clk
1:30:30]} a6 {[%clk 1:30:30]} 21. Ba4 {[%clk 1:30:30]} Nf5 {[%clk 1:30:30]} 22.
Nxf5 {[%clk 1:30:30]} Bxf5 {[%clk 1:30:30]} 23. Bb4 {[%clk 1:30:30]} Bxb4 {[%clk
1:30:30]} 24. Rxb4 {[%clk 1:30:30]} b5 {[%clk 1:30:30]} 25. Bb3 {[%clk 1:30:30]}
Be6 {[%clk 1:30:30]} 26. O-O {[%clk 1:30:30]} Kf7 {[%clk 1:30:30]} 27. f3 {[%clk
1:30:30]} exf3 {[%clk 1:30:30]} 28. Rxf3 {[%clk 1:30:30]} Qd6 {[%clk 1:30:30]}
29. Rf1 {[%clk 1:30:30]} Rhe8 {[%clk 1:30:30]} 30. Qf3 {[%clk 1:30:30]} Qc5+
{[%clk 1:30:30]} 31. Rd4 {[%clk 1:30:30]} Rac8 {[%clk 1:30:30]} 32. Rd1 {[%clk
1:30:30]} Qxc3 {[%clk 1:30:30]} 33. Qh5+ {[%clk 1:30:30]} Kg8 {[%clk 1:30:30]}
34. Bxd5 {[%clk 1:30:30]} Qe3+ {[%clk 1:30:30]} 35. Kh1 {[%clk 1:30:30]} Bxd5
{[%clk 1:30:30]} 36. Qxd5+ {[%clk 1:30:30]} Qe6 {[%clk 1:30:30]} 37. Qxe6+ {[%clk
1:30:30]} Rxe6 {[%clk 1:30:30]} 38. R1d2 {[%clk 1:30:30]} Re1# {[%clk 1:30:30]}
0-1

[Event "Campeonato España Sub 14"]
[Site "Salobreña"]
[Date "2017.07.17"]
[Round "1"]
[White "Barragan Arriaza, Pablo"]
[Black "Rial Rodriguez, Marta"]
[Result "1-0"]
[Board "23"]
[WhiteElo "1916"]
[WhiteCountry "ESP"]
[WhiteFideId "32057130"]
[WhiteEloChange "2"]
[BlackElo "1441"]
[BlackCountry "ESP"]
[BlackFideId "32041098"]
[BlackEloChange "-2"]

1. Nf3 {[%clk 1:30:30]} Nf6 {[%clk 1:30:30]} 2. g3 {[%clk 1:30:30]} c5 {[%clk
1:30:30]} 3. Bg2 {[%clk 1:30:30]} Nc6 {[%clk 1:30:30]} 4. c4 {[%clk 1:30:30]} d5
{[%clk 1:30:30]} 5. b3 {[%clk 1:30:30]} e5 {[%clk 1:30:30]} 6. d3 {[%clk
1:30:30]} d4 {[%clk 1:30:30]} 7. O-O {[%clk 1:30:30]} Be7 {[%clk 1:30:30]} 8. e4
{[%clk 1:30:30]} O-O {[%clk 1:30:30]} 9. h3 {[%clk 1:30:30]} h6 {[%clk 1:30:30]}
10. Ne1 {[%clk 1:30:30]} Be6 {[%clk 1:30:30]} 11. f4 {[%clk 1:30:30]} Bd6 {[%clk
1:30:30]} 12. f5 {[%clk 1:30:30]} Bd7 {[%clk 1:30:30]} 13. g4 {[%clk 1:30:30]}
Nh7 {[%clk 1:30:30]} 14. Nf3 {[%clk 1:30:30]} Be7 {[%clk 1:30:30]} 15. a3 {[%clk
1:30:30]} Rb8 {[%clk 1:30:30]} 16. Qe1 {[%clk 1:30:30]} Ng5 {[%clk 1:30:30]} 17.
Nbd2 {[%clk 1:30:30]} a6 {[%clk 1:30:30]} 18. h4 {[%clk 1:30:30]} Nh7 {[%clk
1:30:30]} 19. Qg3 {[%clk 1:30:30]} f6 {[%clk 1:30:30]} 20. g5 {[%clk 1:30:30]}
hxg5 {[%clk 1:30:30]} 21. hxg5 {[%clk 1:30:30]} Nxg5 {[%clk 1:30:30]} 22. Nxg5
{[%clk 1:30:30]} fxg5 {[%clk 1:30:30]} 23. Nf3 {[%clk 1:30:30]} Qc7 {[%clk
1:30:30]} 24. Bxg5 {[%clk 1:30:30]} Be8 {[%clk 1:30:30]} 25. Bxe7 {[%clk
1:30:30]} Qxe7 {[%clk 1:30:30]} 26. Ng5 {[%clk 1:30:30]} Rf6 {[%clk 1:30:30]} 27.
Bh3 {[%clk 1:30:30]} Rh6 {[%clk 1:30:30]} 28. Kh2 {[%clk 1:30:30]} Bh5 {[%clk
1:30:30]} 29. Rg1 {[%clk 1:30:30]} Rd8 {[%clk 1:30:30]} 30. Raf1 {[%clk 1:30:30]}
Rd7 {[%clk 1:30:30]} 31. f6 {[%clk 1:30:30]} Rxf6 {[%clk 1:30:30]} 32. Rxf6
{[%clk 1:30:30]} gxf6 {[%clk 1:30:30]} 33. Bxd7 {[%clk 1:30:30]} Qxd7 {[%clk
1:30:30]} 34. Ne6+ {[%clk 1:30:30]} Kh7 {[%clk 1:30:30]} 1-0

[Event "Campeonato España Sub 14"]
[Site "Salobreña"]
[Date "2017.07.17"]
[Round "1"]
[White "Jimenez Zapata, Nuria"]
[Black "Escartin Lacasa, Jose"]
[Result "0-1"]
[Board "24"]
[WhiteElo "1441"]
[WhiteCountry "ESP"]
[WhiteFideId "32062028"]
[WhiteEloChange "-2"]
[BlackElo "1906"]
[BlackCountry "ESP"]
[BlackFideId "32080042"]
[BlackEloChange "2"]

1. d4 {[%clk 1:30:30]} d5 {[%clk 1:30:30]} 2. Nf3 {[%clk 1:30:30]} Nf6 {[%clk
1:30:30]} 3. c4 {[%clk 1:30:30]} c6 {[%clk 1:30:30]} 4. e3 {[%clk 1:30:30]} g6
{[%clk 1:30:30]} 5. Bd3 {[%clk 1:30:30]} Bg7 {[%clk 1:30:30]} 6. O-O {[%clk
1:30:30]} O-O {[%clk 1:30:30]} 7. Nc3 {[%clk 1:30:30]} e6 {[%clk 1:30:30]} 8. Qe2
{[%clk 1:30:30]} Nbd7 {[%clk 1:30:30]} 9. e4 {[%clk 1:30:30]} dxe4 {[%clk
1:30:30]} 10. Nxe4 {[%clk 1:30:30]} Nxe4 {[%clk 1:30:30]} 11. Qxe4 {[%clk
1:30:30]} Nf6 {[%clk 1:30:30]} 12. Qh4 {[%clk 1:30:30]} Nh5 {[%clk 1:30:30]} 13.
Bg5 {[%clk 1:30:30]} f6 {[%clk 1:30:30]} 14. Be3 {[%clk 1:30:30]} f5 {[%clk
1:30:30]} 15. Bg5 {[%clk 1:30:30]} Bf6 {[%clk 1:30:30]} 16. Rfe1 {[%clk 1:30:30]}
h6 {[%clk 1:30:30]} 17. Bxf6 {[%clk 1:30:30]} Qxf6 {[%clk 1:30:30]} 18. Qxf6
{[%clk 1:30:30]} Nxf6 {[%clk 1:30:30]} 19. Rad1 {[%clk 1:30:30]} g5 {[%clk
1:30:30]} 20. Ne5 {[%clk 1:30:30]} Rd8 {[%clk 1:30:30]} 21. Bc2 {[%clk 1:30:30]}
Kg7 {[%clk 1:30:30]} 22. Re3 {[%clk 1:30:30]} h5 {[%clk 1:30:30]} 23. Nf3 {[%clk
1:30:30]} Kh6 {[%clk 1:30:30]} 24. Ne5 {[%clk 1:30:30]} Kg7 {[%clk 1:30:30]} 25.
Nf3 {[%clk 1:30:30]} Ng4 {[%clk 1:30:30]} 26. Rb3 {[%clk 1:30:30]} Kf6 {[%clk
1:30:30]} 27. h3 {[%clk 1:30:30]} Nh6 {[%clk 1:30:30]} 28. Ne5 {[%clk 1:30:30]}
Ng8 {[%clk 1:30:30]} 29. Re3 {[%clk 1:30:30]} Ne7 {[%clk 1:30:30]} 30. Kf1 {[%clk
1:30:30]} b6 {[%clk 1:30:30]} 31. Ba4 {[%clk 1:30:30]} Bb7 {[%clk 1:30:30]} 32.
Nf3 {[%clk 1:30:30]} g4 {[%clk 1:30:30]} 33. Rde1 {[%clk 1:30:30]} Bc8 {[%clk
1:30:30]} 34. Ne5 {[%clk 1:30:30]} b5 {[%clk 1:30:30]} 35. cxb5 {[%clk 1:30:30]}
Rxd4 {[%clk 1:30:30]} 36. Bb3 {[%clk 1:30:30]} cxb5 {[%clk 1:30:30]} 37. Nd3
{[%clk 1:30:30]} f4 {[%clk 1:30:30]} 38. Rxe6+ {[%clk 1:30:30]} Bxe6 {[%clk
1:30:30]} 39. Rxe6+ {[%clk 1:30:30]} Kg5 {[%clk 1:30:30]} 40. Re5+ {[%clk
1:30:30]} Nf5 {[%clk 1:30:30]} 41. Nc5 {[%clk 1:30:30]} Rdd8 {[%clk 1:30:30]} 42.
Bc2 {[%clk 1:30:30]} Rf8 {[%clk 1:30:30]} 43. Ne4+ {[%clk 1:30:30]} Kh6 {[%clk
1:30:30]} 44. hxg4 {[%clk 1:30:30]} hxg4 {[%clk 1:30:30]} 45. Rxb5 {[%clk
1:30:30]} Nd4 {[%clk 1:30:30]} 46. Rc5 {[%clk 1:30:30]} Nxc2 {[%clk 1:30:30]} 47.
Rxc2 {[%clk 1:30:30]} Rac8 {[%clk 1:30:30]} 48. Rd2 {[%clk 1:30:30]} f3 {[%clk
1:30:30]} 49. Rd6+ {[%clk 1:30:30]} Kg7 {[%clk 1:30:30]} 50. gxf3 {[%clk
1:30:30]} gxf3 {[%clk 1:30:30]} 51. Ke1 {[%clk 1:30:30]} Rce8 {[%clk 1:30:30]}
52. Rd7+ {[%clk 1:30:30]} Kg6 {[%clk 1:30:30]} 53. Rxa7 {[%clk 1:30:30]} Rxe4+
{[%clk 1:30:30]} 54. Kd2 {[%clk 1:30:30]} Re2+ {[%clk 1:30:30]} 55. Kd3 {[%clk
1:30:30]} Rd8+ {[%clk 1:30:30]} 56. Kc3 {[%clk 1:30:30]} Rxf2 {[%clk 1:30:30]}
57. Ra6+ {[%clk 1:30:30]} Kf5 {[%clk 1:30:30]} 0-1

[Event "Campeonato España Sub 14"]
[Site "Salobreña"]
[Date "2017.07.17"]
[Round "1"]
[White "Jimenez Zapata, Nuria"]
[Black "Casares Bonals, Asier"]
[Result "1-0"]
[Board "25"]
[WhiteElo "1441"]
[WhiteCountry "ESP"]
[WhiteFideId "32062028"]
[WhiteEloChange "10"]
[BlackElo "1441"]
[BlackCountry "ESP"]
[BlackFideId "24561312"]
[BlackEloChange "-10"]

1. d4 {[%clk 1:30:30]} Nf6 {[%clk 1:30:30]} 2. Nf3 {[%clk 1:30:30]} g6 {[%clk
1:30:30]} 3. g3 {[%clk 1:30:30]} Bg7 {[%clk 1:30:30]} 4. Bg2 {[%clk 1:30:30]} d6
{[%clk 1:30:30]} 5. O-O {[%clk 1:30:30]} O-O {[%clk 1:30:30]} 6. a4 {[%clk
1:30:30]} Nbd7 {[%clk 1:30:30]} 7. a5 {[%clk 1:30:30]} a6 {[%clk 1:30:30]} 8. b3
{[%clk 1:30:30]} c5 {[%clk 1:30:30]} 9. Bb2 {[%clk 1:30:30]} Rb8 {[%clk 1:30:30]}
10. Nbd2 {[%clk 1:30:30]} b5 {[%clk 1:30:30]} 11. axb6 {[%clk 1:30:30]} Qxb6
{[%clk 1:30:30]} 12. Nc4 {[%clk 1:30:30]} Qc7 {[%clk 1:30:30]} 13. Na5 {[%clk
1:30:30]} cxd4 {[%clk 1:30:30]} 14. Nxd4 {[%clk 1:30:30]} Nc5 {[%clk 1:30:30]}
15. Ndc6 {[%clk 1:30:30]} Rb6 {[%clk 1:30:30]} 16. b4 {[%clk 1:30:30]} Nb7 {[%clk
1:30:30]} 17. Bd4 {[%clk 1:30:30]} Rb5 {[%clk 1:30:30]} 18. c4 {[%clk 1:30:30]}
Rf5 {[%clk 1:30:30]} 19. e4 {[%clk 1:30:30]} Rh5 {[%clk 1:30:30]} 20. Bf3 {[%clk
1:30:30]} Rh6 {[%clk 1:30:30]} 21. b5 {[%clk 1:30:30]} axb5 {[%clk 1:30:30]} 22.
cxb5 {[%clk 1:30:30]} Nxa5 {[%clk 1:30:30]} 23. Rxa5 {[%clk 1:30:30]} Bb7 {[%clk
1:30:30]} 24. Ra7 {[%clk 1:30:30]} g5 {[%clk 1:30:30]} 25. Na5 {[%clk 1:30:30]}
g4 {[%clk 1:30:30]} 26. Bg2 {[%clk 1:30:30]} Ra8 {[%clk 1:30:30]} 27. b6 {[%clk
1:30:30]} Qc8 {[%clk 1:30:30]} 28. Nxb7 {[%clk 1:30:30]} Rxa7 {[%clk 1:30:30]}
29. bxa7 {[%clk 1:30:30]} e5 {[%clk 1:30:30]} 30. Nxd6 {[%clk 1:30:30]} Qd8
{[%clk 1:30:30]} 31. Bxe5 {[%clk 1:30:30]} Nd7 {[%clk 1:30:30]} 32. Bxg7 {[%clk
1:30:30]} Kxg7 {[%clk 1:30:30]} 33. Nf5+ {[%clk 1:30:30]} Kg6 {[%clk 1:30:30]}
34. Qxg4+ {[%clk 1:30:30]} Kf6 {[%clk 1:30:30]} 35. Qg7+ {[%clk 1:30:30]} Ke6
{[%clk 1:30:30]} 36. Qxh6+ {[%clk 1:30:30]} Ke5 {[%clk 1:30:30]} 37. Qd6# {[%clk
1:30:30]} 1-0

[Event "Campeonato España Sub 14"]
[Site "Salobreña"]
[Date "2017.07.17"]
[Round "2"]
[White "Sempere Domenech, Abel"]
[Black "Gines Esteo, Pedro Antonio"]
[Result "0-1"]
[Board "1"]
[WhiteClock "n/a"]
[WhiteElo "1723"]
[WhiteCountry "ESP"]
[WhiteFideId "24508470"]
[WhiteEloChange "-2"]
[BlackClock "n/a"]
[BlackTitle "FM"]
[BlackElo "2375"]
[BlackCountry "ESP"]
[BlackFideId "32080190"]
[BlackEloChange "2"]

1. d4 {[%clk 1:30:30]} g6 {[%clk 1:30:30]} 2. e4 {[%clk 1:30:30]} Bg7 {[%clk
1:30:30]} 3. Nf3 {[%clk 1:30:30]} c6 {[%clk 1:30:30]} 4. Be3 {[%clk 1:30:30]} d5
{[%clk 1:30:30]} 5. exd5 {[%clk 1:30:30]} cxd5 {[%clk 1:30:30]} 6. c3 {[%clk
1:30:30]} Nc6 {[%clk 1:30:30]} 7. Be2 {[%clk 1:30:30]} Nf6 {[%clk 1:30:30]} 8.
O-O {[%clk 1:30:30]} O-O {[%clk 1:30:30]} 9. Qc1 {[%clk 1:30:30]} Bg4 {[%clk
1:30:30]} 10. h3 {[%clk 1:30:30]} Bxf3 {[%clk 1:30:30]} 11. Bxf3 {[%clk 1:30:30]}
Rc8 {[%clk 1:30:30]} 12. Nd2 {[%clk 1:30:30]} e6 {[%clk 1:30:30]} 13. Nb3 {[%clk
1:30:30]} b5 {[%clk 1:30:30]} 14. Nc5 {[%clk 1:30:30]} b4 {[%clk 1:30:30]} 15.
Bg5 {[%clk 1:30:30]} bxc3 {[%clk 1:30:30]} 16. bxc3 {[%clk 1:30:30]} Na5 {[%clk
1:30:30]} 17. Bxf6 {[%clk 1:30:30]} Bxf6 {[%clk 1:30:30]} 18. Rb1 {[%clk
1:30:30]} Be7 {[%clk 1:30:30]} 19. Nb3 {[%clk 1:30:30]} Nc4 {[%clk 1:30:30]} 20.
Nd2 {[%clk 1:30:30]} Bg5 {[%clk 1:30:30]} 21. Rd1 {[%clk 1:30:30]} Nxd2 {[%clk
1:30:30]} 22. Rxd2 {[%clk 1:30:30]} Qa5 {[%clk 1:30:30]} 23. Qb2 {[%clk 1:30:30]}
Bxd2 {[%clk 1:30:30]} 24. Qxd2 {[%clk 1:30:30]} Qxc3 {[%clk 1:30:30]} 25. Qxc3
{[%clk 1:30:30]} Rxc3 {[%clk 1:30:30]} 26. Rb7 {[%clk 1:30:30]} Ra3 {[%clk
1:30:30]} 0-1